Central Library OPAC University of Rajshahi

Jawaharlal Nehru, a man of letters / (Record no. 26840)

MARC details
000 -LEADER
fixed length control field 00697cam a22002292a 4500
001 - CONTROL NUMBER
control field 26840
003 - CONTROL NUMBER IDENTIFIER
rucl marc code BD-RjUL
005 - DATE AND TIME OF LATEST TRANSACTION
control field 20211209051056.0
008 - FIXED-LENGTH DATA ELEMENTS--GENERAL INFORMATION
fixed length control field 140323s1970 ii b 001 0beng
035 ## - SYSTEM CONTROL NUMBER
System control number (BD-RjUL)26911
040 ## - CATALOGING SOURCE
Original cataloging agency DLC
Transcribing agency DLC
Modifying agency BD-RjUL
Language of cataloging eng
041 ## - LANGUAGE CODE
Language code of text/sound track or separate title eng
082 ## - DEWEY DECIMAL CLASSIFICATION NUMBER
Classification number 954.09
Author mark and year CHJ 1970
100 1# - MAIN ENTRY--PERSONAL NAME
Personal name Chhibber, V. N.,
Dates associated with a name 1930-
9 (RLIN) 82496
245 10 - TITLE STATEMENT
Title Jawaharlal Nehru, a man of letters /
Statement of responsibility, etc. [by] V. N. Chhibber. Foreword by V. K. R. V. Rao
260 ## - PUBLICATION, DISTRIBUTION, ETC. (IMPRINT)
Place of publication, distribution, etc. Delhi :
Name of publisher, distributor, etc. Vikas Pub. House,
Date of publication, distribution, etc. [1970]
300 ## - PHYSICAL DESCRIPTION
Pagination xiv, 210 p. :
Size 23 cm .
Illustrations ill. ;
504 ## - BIBLIOGRAPHY, ETC. NOTE
Bibliography, etc Bibliography: p. [195]-199
600 10 - SUBJECT ADDED ENTRY--PERSONAL NAME
Personal name Nehru, Jawaharlal,
Dates associated with a name 1889-1964.
942 ## - ADDED ENTRY ELEMENTS (KOHA)
Source of classification or shelving scheme Dewey Decimal Classification
Koha item type Books
Holdings
Lost status Source of classification or shelving scheme Damaged status Not for loan Collection code Permanent Location Current Location Shelving location Date acquired Source of acquisition Total Checkouts Full call number Date last seen Copy number Koha item type
  Dewey Decimal Classification   Added to bundle Non-fiction Central Library, University of Rajshahi Central Library, University of Rajshahi Reading Room 04/02/1974 india govt.   954.09 CHJ 1970 23/03/2014 C-1 Books